[Event "Amagermesterskabet 2010"]
[Site "Sundbyoster"]
[Date "2010.08.24"]
[Round "1"]
[White "Aabling Thomsen, Jakob"]
[Black "Andreasen, Rene"]
[Result "1-0"]
[WhiteElo "2326"]
[BlackElo "1798"]
[PlyCount "47"]
[EventDate "2010.??.??"]

1. e4 c6 2. d4 d5 3. e5 c5 4. Nf3 Nc6 5. c4 cxd4 6. cxd5 Qxd5 7. Nc3 Qa5 8.
Nxd4 Qxe5+ 9. Be3 a6 10. Be2 e6 11. O-O Nf6 12. Nxc6 bxc6 13. Na4 Nd5 14. Bd4
Qc7 15. Bf3 Bb7 16. Rc1 Rd8 17. Qb3 Qd7 18. Rfe1 Rg8 19. Bc5 Rb8 20. Bxf8 Rxf8
21. Nc5 Qc7 22. Bxd5 Bc8 23. Bxc6+ Ke7 24. Qa4 1-0

[Event "Amagermesterskabet 2010"]
[Site "Sundbyoster"]
[Date "2010.08.24"]
[Round "1"]
[White "Andersen, Henrik Hauge"]
[Black "Gade, Jens"]
[Result "1-0"]
[WhiteElo "1821"]
[BlackElo "1255"]
[PlyCount "27"]
[EventDate "2010.??.??"]

1. e4 c5 2. Nf3 d6 3. d4 cxd4 4. Nxd4 Nf6 5. Nc3 a6 6. Be3 e5 7. Nb3 Be7 8. f3
O-O 9. Qd2 Be6 10. O-O-O Nbd7 11. Nd5 Bxd5 12. exd5 Nc5 13. Nxc5 dxc5 14. d6
1-0

[Event "Amagermesterskabet 2010"]
[Site "Sundbyoster"]
[Date "2010.08.24"]
[Round "1"]
[White "Dupont, Michael Kim"]
[Black "Madsen, Poul Henrik"]
[Result "0-1"]
[WhiteElo "1195"]
[BlackElo "2095"]
[PlyCount "48"]
[EventDate "2010.??.??"]

1. e4 d6 2. d4 Nf6 3. Nc3 g6 4. Bc4 Bg7 5. h3 O-O 6. Be3 c6 7. Qd2 b5 8. Bb3 b4
9. Nce2 Nxe4 10. Qxb4 Na6 11. Qc4 Qa5+ 12. c3 Rb8 13. d5 Nac5 14. Bxc5 Nxc5 15.
Rd1 cxd5 16. Qxd5 Be6 17. Qg5 Bf6 18. Qe3 Nxb3 19. axb3 Rxb3 20. Nf3 Rxb2 21.
O-O Bc4 22. Ra1 Qb6 23. Nfd4 Bxe2 24. Nxe2 Qxe3 0-1

[Event "Amagermesterskabet 2010"]
[Site "Sundbyoster"]
[Date "2010.08.24"]
[Round "1"]
[White "Friis, Jordy"]
[Black "Larsen, Ulrik Jejlskov"]
[Result "1/2-1/2"]
[WhiteElo "1469"]
[BlackElo "1526"]
[PlyCount "86"]
[EventDate "2010.??.??"]

1. e4 e5 2. Nf3 Nc6 3. Bc4 Nf6 4. d4 exd4 5. O-O Bc5 6. e5 Ng4 7. Bf4 O-O 8. h3
Nh6 9. Bxh6 gxh6 10. Qd2 Kg7 11. Qf4 d5 12. exd6 Qxd6 13. Qxd6 Bxd6 14. Nbd2
Be6 15. Rfe1 Rae8 16. Bb5 Bb4 17. Rad1 Bd5 18. Rxe8 Rxe8 19. Nxd4 Bxd2 20. Rxd2
Re1+ 21. Kh2 Nxd4 22. Rxd4 c6 23. Bd3 a5 24. a3 Rb1 25. b3 Rd1 26. Rg4+ Kh8 27.
Bc4 Bxc4 28. Rxc4 Kg7 29. a4 Kf6 30. Rc5 Rd5 31. Rc4 Rf5 32. f3 Rd5 33. Kg3
Rg5+ 34. Kf2 Ke6 35. g4 h5 36. f4 Rd5 37. Re4+ Kd6 38. Ke3 hxg4 39. hxg4 f5 40.
gxf5 Rxf5 41. Rd4+ Rd5 42. Re4 h5 43. Re8 Kc5 1/2-1/2

[Event "Amagermesterskabet 2010"]
[Site "Sundbyoster"]
[Date "2010.08.24"]
[Round "1"]
[White "Larsen, Kim"]
[Black "Hansen, Benny"]
[Result "0-1"]
[WhiteElo "1633"]
[BlackElo "1342"]
[PlyCount "68"]
[EventDate "2010.??.??"]

1. e4 c5 2. Nf3 d6 3. d4 cxd4 4. Nxd4 Nf6 5. Nc3 a6 6. Bc4 e6 7. Bg5 Nc6 8. Nf3
Be7 9. O-O b5 10. Bb3 Qc7 11. Re1 Bb7 12. a3 Rd8 13. Qe2 Nh5 14. Bxe7 Qxe7 15.
Rad1 O-O 16. Nd4 Qg5 17. Qe3 Nf4 18. g3 Nh3+ 19. Kg2 Qh5 20. Nxe6 fxe6 21.
Bxe6+ Kh8 22. Bxh3 Ne5 23. Ne2 Rf3 24. Qd4 Rdf8 25. Rf1 Qg6 26. Nc3 Rxc3 27.
bxc3 Bxe4+ 28. f3 Nxf3 29. Rxf3 Bxf3+ 30. Kg1 Qxc2 31. Rf1 Rf6 32. Qe3 Bc6 33.
Re1 h6 34. Bf1 Rxf1+ 0-1

[Event "Amagermesterskabet 2010"]
[Site "Sundbyoster"]
[Date "2010.09.14"]
[Round "1"]
[White "Lunding, Peter M"]
[Black "Brorsen, Jacob Abildlund"]
[Result "1/2-1/2"]
[WhiteElo "1915"]
[BlackElo "2018"]
[PlyCount "44"]
[EventDate "2010.??.??"]

1. d4 Nf6 2. Nf3 e6 3. Bg5 Be7 4. Nbd2 O-O 5. e3 b6 6. c3 Bb7 7. Bd3 d6 8. Qe2
Nbd7 9. O-O Re8 10. e4 e5 11. dxe5 dxe5 12. Rad1 h6 13. Bh4 Nh5 14. Bg3 Bf6 15.
Bc4 Nf4 16. Qe3 g5 17. Rfe1 Qe7 18. h3 Kg7 19. Nh2 h5 20. Nhf1 Qc5 21. Qf3 Rh8
22. Ne3 Rad8 1/2-1/2

[Event "Amagermesterskabet 2010"]
[Site "Sundbyoster"]
[Date "2010.08.24"]
[Round "1"]
[White "Moller, Arne Vagn"]
[Black "Mollmann, Erik"]
[Result "1-0"]
[WhiteElo "1826"]
[BlackElo "1528"]
[PlyCount "71"]
[EventDate "2010.??.??"]

1. e4 Nc6 2. d4 d5 3. e5 f6 4. f4 Nh6 5. Be2 Bf5 6. a3 e6 7. Nf3 Be7 8. O-O Be4
9. Be3 f5 10. Ng5 Bxg5 11. fxg5 Nf7 12. Qd2 Ne7 13. Nc3 c6 14. Nxe4 dxe4 15. c4
h5 16. h4 g6 17. Rf2 Qc7 18. b4 Rd8 19. Qb2 O-O 20. Rc1 Rd7 21. Bf4 Qd8 22. Rd1
b6 23. Rff1 Qa8 24. Rd2 Rb8 25. Rfd1 Rbd8 26. Qb3 c5 27. d5 Rxd5 28. cxd5 Nxd5
29. Qg3 cxb4 30. axb4 Rc8 31. Rxd5 exd5 32. e6 Nd8 33. e7 Nf7 34. Bb5 Rc6 35.
Bxc6 Qxc6 36. Rc1 1-0

[Event "Amagermesterskabet 2010"]
[Site "Sundbyoster"]
[Date "2010.08.24"]
[Round "1"]
[White "Nielsen, Bjorn"]
[Black "Varming, Thomas"]
[Result "1-0"]
[WhiteElo "1050"]
[BlackElo "1758"]
[PlyCount "89"]
[EventDate "2010.??.??"]

1. e4 d6 2. Nc3 g6 3. Nf3 Bg7 4. d4 Nf6 5. Be3 O-O 6. Qd2 Re8 7. Bd3 e5 8. d5
c6 9. dxc6 bxc6 10. h3 d5 11. Bg5 Qa5 12. Bxf6 Bxf6 13. exd5 cxd5 14. Nh2 Bd7
15. O-O e4 16. Nxe4 Qxd2 17. Nxd2 Bxb2 18. Rab1 Bc3 19. Nb3 Bc6 20. Nf3 Nd7 21.
Kh1 a5 22. Nfd4 Ba4 23. Ne2 Bg7 24. Nbd4 Nc5 25. Bb5 Bxb5 26. Rxb5 Ne4 27. Rxd5
Nd2 28. Rc1 Re4 29. c3 Rae8 30. Ng3 Re1+ 31. Rxe1 Rxe1+ 32. Kh2 Be5 33. Nf3
Nf1+ 34. Kg1 Nxg3+ 35. Nxe1 Bxc3 36. fxg3 Bxe1 37. g4 Bb4 38. a4 Kg7 39. Kf2
Kf6 40. Ke3 g5 41. Ke4 Kg6 42. Rb5 h6 43. Kd5 h5 44. Rb6+ f6 45. gxh5+ 1-0

[Event "Amagermesterskabet 2010"]
[Site "Sundbyoster"]
[Date "2010.08.24"]
[Round "1"]
[White "Nielsen, Mogens Bach"]
[Black "Jensen, Thore Nyboe"]
[Result "1/2-1/2"]
[WhiteElo "1862"]
[BlackElo "1965"]
[PlyCount "59"]
[EventDate "2010.??.??"]

1. d4 d5 2. c4 c6 3. cxd5 cxd5 4. Nc3 Nc6 5. Nf3 a6 6. Bf4 Nf6 7. e3 Bf5 8. Ne5
e6 9. Bd3 Nxe5 10. Bxe5 Bxd3 11. Qxd3 Nd7 12. Bg3 Be7 13. a3 O-O 14. O-O Rc8
15. Rfc1 Qb6 16. b4 Rc4 17. Ne2 Rfc8 18. Rxc4 Rxc4 19. Rc1 Qc6 20. Rxc4 Qxc4
21. Qxc4 dxc4 22. f3 a5 23. Be1 Kf8 24. Kf1 Ke8 25. bxa5 Bxa3 26. Nc3 Bb4 27.
Nb5 Bxe1 28. Kxe1 Nb8 29. Nd6+ Kd7 30. Nxc4 1/2-1/2

[Event "Amagermesterskabet 2010"]
[Site "Sundbyoster"]
[Date "2010.08.24"]
[Round "1"]
[White "Petersen, Nils"]
[Black "Haagen Larsen, Hans"]
[Result "1-0"]
[WhiteElo "2039"]
[BlackElo "1593"]
[PlyCount "63"]
[EventDate "2010.??.??"]

1. c4 e5 2. g3 Nc6 3. Nc3 d6 4. Bg2 g6 5. e4 Bg7 6. Nge2 Nge7 7. O-O O-O 8. d3
a6 9. Be3 Nd4 10. Qd2 f5 11. f4 Bd7 12. fxe5 dxe5 13. Nd5 Nxe2+ 14. Qxe2 Bc6
15. Bg5 Bxd5 16. cxd5 Qd7 17. Rac1 Rac8 18. Rc3 c5 19. Qc2 b6 20. Qb3 c4 21.
dxc4 fxe4 22. Rxf8+ Rxf8 23. Bxe7 Qxe7 24. Qxb6 Rf6 25. Qe3 Qb4 26. Rc2 Bf8 27.
c5 Rf3 28. Bxf3 exf3 29. d6 Bh6 30. Qb3+ Qxb3 31. axb3 Be3+ 32. Kf1 1-0

[Event "Amagermesterskabet 2010"]
[Site "Sundbyoster"]
[Date "2010.08.24"]
[Round "1"]
[White "Svensson, John Michael"]
[Black "Jensen, Simon Stibolt"]
[Result "1/2-1/2"]
[WhiteElo "1440"]
[BlackElo "1250"]
[PlyCount "171"]
[EventDate "2010.??.??"]

1. d4 d5 2. Nf3 Nf6 3. Nc3 e6 4. Bg5 Bb4 5. a3 Bxc3+ 6. bxc3 b6 7. e3 O-O 8.
Be2 Nbd7 9. Ne5 a6 10. O-O c5 11. Nxd7 Bxd7 12. c4 Bc6 13. c3 Ra7 14. Rb1 Rb7
15. Bf3 Qe7 16. Qe2 b5 17. cxd5 Bxd5 18. Bxd5 exd5 19. Qf3 Rb6 20. Bxf6 Qxf6
21. Qxd5 cxd4 22. cxd4 Rd8 23. Qe4 Re6 24. Qd3 Rde8 25. h3 Qh4 26. Rb4 Rg6 27.
Kh2 Qe7 28. Rb2 Qd6+ 29. Kg1 Qe6 30. Kh1 Rh6 31. Kh2 Qd6+ 32. f4 Rhe6 33. Re2
h5 34. e4 Qc7 35. d5 Rb6 36. Qd4 g5 37. e5 gxf4 38. Qxf4 Qe7 39. Rff2 Rg6 40.
g3 Rg7 41. d6 Qd7 42. Rc2 Rc8 43. Qd4 Rxc2 44. Rxc2 Qf5 45. Rf2 Qg5 46. Qf4 Qd8
47. Qe3 Qd7 48. Rc2 Qe6 49. Qf4 Kh7 50. Qf6 Rg8 51. Qxe6 fxe6 52. Rc7+ Kg6 53.
Ra7 Kf5 54. Rxa6 Kxe5 55. Rb6 Rh8 56. d7 Kf6 57. Rxb5 Ke7 58. Rb7 Rd8 59. Kg2
Kd6 60. Rb5 e5 61. a4 Rxd7 62. Kf3 Rg7 63. a5 Rf7+ 64. Ke4 Rg7 65. Rb3 Rc7 66.
Kf5 Rc5 67. Rb6+ Kd5 68. a6 Ra5 69. Re6 Kd4 70. Rd6+ Ke3 71. Rb6 e4+ 72. Kg6
Kf3 73. Rf6+ Kxg3 74. Rf5 Rxa6+ 75. Kxh5 e3 76. Re5 Kf2 77. Kg4 Ra4+ 78. Kg5 e2
79. h4 e1=Q 80. Rxe1 Kxe1 81. h5 Ra6 82. h6 Ra5+ 83. Kg6 Ra2 84. h7 Rg2+ 85.
Kf7 Rh2 86. Kg7 1/2-1/2

[Event "Amagermesterskabet 2010"]
[Site "Sundbyoster"]
[Date "2010.08.24"]
[Round "1"]
[White "Tronning, Mark Philip"]
[Black "Justesen, Martin"]
[Result "1/2-1/2"]
[WhiteElo "1384"]
[BlackElo "1586"]
[PlyCount "80"]
[EventDate "2010.??.??"]

1. e4 e5 2. Nf3 Nc6 3. Bb5 a6 4. Ba4 Nf6 5. O-O b5 6. Bb3 Be7 7. Re1 d6 8. h3
Na5 9. c3 c5 10. d4 Nxb3 11. Qxb3 Qc7 12. d5 c4 13. Qc2 Nd7 14. Bg5 Bxg5 15.
Nxg5 h6 16. Nf3 Nc5 17. Nh2 O-O 18. Nd2 f5 19. f3 Nd3 20. Re2 Qb6+ 21. Kf1 fxe4
22. Nxe4 Bb7 23. Nf2 Nf4 24. Rd2 Nxd5 25. Qg6 Ne3+ 26. Ke1 Rf6 27. Qg3 Re8 28.
Nfg4 Nxg4 29. Nxg4 Rg6 30. Qf2 Qc7 31. Ne3 e4 32. f4 Rf8 33. Rad1 Rgf6 34. g3
Re8 35. Nd5 Bxd5 36. Rxd5 e3 37. Qf3 Qe7 38. Ke2 Qd7 39. g4 Qf7 40. R1d4 Qb7
1/2-1/2

[Event "Amagermesterskabet 2010"]
[Site "Sundbyoster"]
[Date "2010.08.31"]
[Round "2"]
[White "Andersen, Henrik Hauge"]
[Black "Moller, Arne Vagn"]
[Result "0-1"]
[WhiteElo "1821"]
[BlackElo "1826"]
[PlyCount "134"]
[EventDate "2010.??.??"]

1. e4 c5 2. Nf3 d6 3. d4 cxd4 4. Nxd4 Nf6 5. Nc3 a6 6. Be3 Nc6 7. f3 Qc7 8. Qd2
b5 9. Bd3 Nxd4 10. Bxd4 e5 11. Be3 Be6 12. O-O Be7 13. Nd5 Bxd5 14. exd5 Qb7
15. Be4 O-O 16. c3 Rac8 17. a3 Nxe4 18. fxe4 Rc4 19. Qc2 f5 20. exf5 Qxd5 21.
Rad1 Qc6 22. Qf2 d5 23. Kh1 Bf6 24. Qf3 Rd8 25. h3 d4 26. Qxc6 Rxc6 27. Bd2
Rcd6 28. Rde1 Kf7 29. g4 h6 30. Kg2 Rd5 31. Re4 Rc8 32. Kg3 a5 33. h4 b4 34.
axb4 axb4 35. cxd4 Rc2 36. Bxb4 Rxb2 37. g5 hxg5 38. hxg5 Rxb4 39. gxf6 gxf6
40. Ra1 Rbxd4 41. Ra7+ Rd7 42. Rxd4 Rxa7 43. Rd6 Re7 44. Kf3 Rc7 45. Ra6 Rc4
46. Ra7+ Kg8 47. Kg3 Rf4 48. Rb7 Rxf5 49. Kg4 Rg5+ 50. Kh4 Rg7 51. Rb8+ Kh7 52.
Rb6 Kg6 53. Kg4 Re7 54. Kf3 Kg5 55. Ke4 f5+ 56. Kf3 e4+ 57. Kf2 Kf4 58. Rb5 Ra7
59. Ke1 Ra2 60. Rc5 e3 61. Kf1 Ke4 62. Rc4+ Kf3 63. Kg1 Ra1+ 64. Kh2 Kf2 65.
Rb4 f4 66. Rc4 f3 67. Rg4 e2 0-1

[Event "Amagermesterskabet 2010"]
[Site "Sundbyoster"]
[Date "2010.08.31"]
[Round "2"]
[White "Andreasen, Rene"]
[Black "Lunding, Peter M"]
[Result "0-1"]
[WhiteElo "1798"]
[BlackElo "1915"]
[PlyCount "46"]
[EventDate "2010.??.??"]

1. d4 d5 2. Nf3 Nf6 3. e3 c6 4. Bd3 Bg4 5. Nbd2 Nbd7 6. O-O e5 7. dxe5 Nxe5 8.
Be2 Nxf3+ 9. Bxf3 Bf5 10. b3 Bc5 11. Bb2 O-O 12. Re1 Re8 13. Nf1 Ne4 14. a3 Re6
15. Ng3 Nxg3 16. hxg3 Qg5 17. Rc1 Rd8 18. b4 Be7 19. Bd4 b6 20. Qd2 h5 21. c4
dxc4 22. Qe2 Rxd4 23. Bxh5 Bd3 0-1

[Event "Amagermesterskabet 2010"]
[Site "Sundbyoster"]
[Date "2010.08.31"]
[Round "2"]
[White "Brorsen, Jacob Abildlund"]
[Black "Svensson, John Michael"]
[Result "1-0"]
[WhiteElo "2018"]
[BlackElo "1440"]
[PlyCount "61"]
[EventDate "2010.??.??"]

1. d4 Nf6 2. c4 c5 3. d5 d6 4. Nc3 g6 5. e4 e5 6. Be2 Bg7 7. f4 Nbd7 8. Nf3 Qe7
9. O-O O-O 10. Bd3 Ng4 11. f5 Ngf6 12. Qe2 Kh8 13. Kh1 Ng8 14. Bg5 Ndf6 15.
Rae1 a6 16. a4 Bd7 17. g4 h6 18. Bh4 g5 19. Nxg5 hxg5 20. Bxg5 Nh6 21. Rg1 Rg8
22. Bh4 Nhxg4 23. Rxg4 Bh6 24. h3 Rg7 25. Reg1 Rag8 26. Qe1 Kh7 27. Bc2 Kh8 28.
Ne2 Kh7 29. R1g2 Rxg4 30. hxg4 Rg7 31. Qg3 1-0

[Event "Amagermesterskabet 2010"]
[Site "Sundbyoster"]
[Date "2010.08.31"]
[Round "2"]
[White "Gade, Jens"]
[Black "Larsen, Kim"]
[Result "0-1"]
[WhiteElo "1255"]
[BlackElo "1633"]
[PlyCount "94"]
[EventDate "2010.??.??"]

1. f4 f5 2. Nf3 Nf6 3. e3 g6 4. b3 Bg7 5. Bb2 O-O 6. Be2 b6 7. O-O Bb7 8. d3 e6
9. h3 Nd5 10. Qc1 Bxb2 11. Qxb2 Nxe3 12. Rf2 Nd5 13. Qc1 Qf6 14. d4 c5 15. Qd2
d6 16. Bc4 Nc7 17. c3 Bxf3 18. Rxf3 cxd4 19. cxd4 d5 20. Be2 Nc6 21. Rc3 Qxd4+
22. Kh1 Qxd2 23. Nxd2 Nd4 24. Bf1 Rf7 25. Rac1 Ncb5 26. Bxb5 Nxb5 27. Rd3 Re7
28. Nf3 Nd6 29. Rdc3 Ne4 30. Rc6 Nf2+ 31. Kh2 Nd3 32. Rc8+ Rxc8 33. Rxc8+ Kg7
34. g3 e5 35. fxe5 Nxe5 36. Nd4 h5 37. Kg2 Nd3 38. Kf3 Kf6 39. Rd8 Ne5+ 40. Kf2
Rd7 41. Rc8 Nf7 42. a4 g5 43. Rc6+ Rd6 44. Rc7 a6 45. Nxf5 Kxf5 46. Rxf7+ Rf6
47. Rd7 Ke6+ 0-1

[Event "Amagermesterskabet 2010"]
[Site "Sundbyoster"]
[Date "2010.08.31"]
[Round "2"]
[White "Jensen, Simon Stibolt"]
[Black "Nielsen, Mogens Bach"]
[Result "1/2-1/2"]
[WhiteElo "1250"]
[BlackElo "1862"]
[PlyCount "95"]
[EventDate "2010.??.??"]

1. e4 Nf6 2. Nc3 d5 3. e5 Ne4 4. d4 Nxc3 5. bxc3 c5 6. Nf3 Nc6 7. Be2 e6 8. O-O
Be7 9. Be3 cxd4 10. cxd4 O-O 11. Qd2 b6 12. c3 Na5 13. Bd3 Nc4 14. Qc2 g6 15.
Bxc4 dxc4 16. Bh6 Re8 17. Qe2 Qd5 18. Nd2 Bb7 19. f4 Rac8 20. Nf3 Qe4 21. Qf2
Qf5 22. h3 Qh5 23. Bg5 h6 24. Bxe7 Bxf3 25. Qxf3 Qxf3 26. Rxf3 Rxe7 27. g4 b5
28. a3 Rd7 29. h4 a5 30. Rb1 Rb8 31. Rf2 b4 32. axb4 axb4 33. f5 b3 34. fxg6
fxg6 35. Rf6 Rxd4 36. cxd4 c3 37. Rf2 Kg7 38. Rff1 b2 39. Rf2 Ra8 40. Kg2 Ra1
41. Rbxb2 cxb2 42. Rxb2 Ra7 43. Rd2 h5 44. g5 Ra4 45. Rd3 Ra2+ 46. Kg3 Ra4 47.
Kf4 Ra1 48. Rh3 1/2-1/2

[Event "Amagermesterskabet 2010"]
[Site "Sundbyoster"]
[Date "2010.08.31"]
[Round "2"]
[White "Jensen, Thore Nyboe"]
[Black "Friis, Jordy"]
[Result "1/2-1/2"]
[WhiteElo "1965"]
[BlackElo "1469"]
[PlyCount "88"]
[EventDate "2010.??.??"]

1. e4 c6 2. d4 d5 3. e5 Bf5 4. c4 e6 5. Nc3 Ne7 6. h4 h6 7. g4 Bg6 8. Nge2 Nd7
9. Nf4 a6 10. b3 Qc7 11. c5 b6 12. cxb6 Nxb6 13. Nxg6 Nxg6 14. Bd3 Bb4 15. Bd2
Nf4 16. Qf3 Nxd3+ 17. Qxd3 Qb7 18. O-O Qe7 19. Qg3 Rc8 20. Rad1 c5 21. Ne2 cxd4
22. Nxd4 Bxd2 23. Rxd2 Qb4 24. Qd3 Rc3 25. Qxa6 O-O 26. Qb5 Qxb5 27. Nxb5 Rc5
28. a4 Nd7 29. f4 Rfc8 30. Nd6 R8c6 31. b4 Rc3 32. Kg2 Rb3 33. b5 Rcc3 34. Rff2
Ra3 35. Rc2 Rxc2 36. Rxc2 Rxa4 37. Rc8+ Kh7 38. Nxf7 Rxf4 39. Nd6 Rxg4+ 40. Kh3
Rb4 41. h5 Nxe5 42. Rc7 Rb3+ 43. Kh4 Rb4+ 44. Kh3 Rb3+ 1/2-1/2

[Event "Amagermesterskabet 2010"]
[Site "Sundbyoster"]
[Date "2010.09.14"]
[Round "2"]
[White "Justesen, Martin"]
[Black "Hansen, Benny"]
[Result "1-0"]
[WhiteElo "1586"]
[BlackElo "1342"]
[PlyCount "49"]
[EventDate "2010.??.??"]

1. e4 c5 2. Nf3 d6 3. d4 cxd4 4. Nxd4 Nf6 5. Nc3 a6 6. Bg5 e6 7. f4 Be7 8. Qf3
Qc7 9. O-O-O Nc6 10. Nxc6 bxc6 11. Qg3 Rb8 12. e5 dxe5 13. fxe5 Nh5 14. Qg4 g6
15. Bxe7 Qxe7 16. Be2 O-O 17. Qc4 Ng7 18. Ne4 Rb4 19. Nf6+ Kh8 20. Qc3 Ne8 21.
Bxa6 Nxf6 22. exf6 Qa7 23. Qxb4 Qe3+ 24. Kb1 c5 25. Qb8 1-0

[Event "Amagermesterskabet 2010"]
[Site "Sundbyoster"]
[Date "2010.08.31"]
[Round "2"]
[White "Larsen, Ulrik Jejlskov"]
[Black "Tronning, Mark Philip"]
[Result "1-0"]
[WhiteElo "1526"]
[BlackElo "1384"]
[PlyCount "83"]
[EventDate "2010.??.??"]

1. d4 Nf6 2. Nf3 g6 3. Bf4 Bg7 4. e3 O-O 5. Bd3 d6 6. h3 Nbd7 7. c4 Re8 8. Bh2
e5 9. dxe5 dxe5 10. Bc2 c5 11. Nc3 b6 12. Nxe5 Bb7 13. Nxd7 Nxd7 14. O-O Qg5
15. Bg3 Rad8 16. Qg4 Qxg4 17. hxg4 Ne5 18. Bxe5 Bxe5 19. Rad1 Ba6 20. Nb5 Bxb5
21. cxb5 Bxb2 22. Rxd8 Rxd8 23. Rd1 Rxd1+ 24. Bxd1 c4 25. g5 Kf8 26. Be2 Ke7
27. Bxc4 Ba3 28. Kf1 Bd6 29. Ke2 Kf8 30. Kf3 Kg7 31. Ke4 f6 32. Kd5 Bc5 33.
gxf6+ Kxf6 34. Kc6 g5 35. Kb7 Ke5 36. Kxa7 h5 37. a4 h4 38. Ka6 g4 39. a5 Bxe3
40. fxe3 h3 41. gxh3 gxh3 42. Bf1 1-0

[Event "Amagermesterskabet 2010"]
[Site "Sundbyoster"]
[Date "2010.08.31"]
[Round "2"]
[White "Mollmann, Erik"]
[Black "Haagen Larsen, Hans"]
[Result "1-0"]
[WhiteElo "1528"]
[BlackElo "1593"]
[PlyCount "67"]
[EventDate "2010.??.??"]

1. d4 d6 2. e4 g6 3. Nc3 Bg7 4. Be3 Nc6 5. Nf3 a6 6. Be2 Bd7 7. a3 e5 8. d5
Nce7 9. Qd2 f5 10. Bg5 Nf6 11. Bd3 f4 12. h3 O-O 13. Nh2 b5 14. f3 Nh5 15. Ne2
a5 16. Ng4 Rf7 17. Nh6+ Bxh6 18. Bxh6 c5 19. g4 fxg3 20. c3 Rxf3 21. O-O-O Qb6
22. Qg5 Re8 23. Rhf1 Rxf1 24. Rxf1 c4 25. Nxg3 Qd8 26. Nxh5 cxd3 27. Nf6+ Kf7
28. Nxe8+ Bf5 29. Ng7 Qd7 30. exf5 Nxd5 31. fxg6+ Kg8 32. Nf5 Nf4 33. gxh7+
Kxh7 34. Ne7 1-0

[Event "Amagermesterskabet 2010"]
[Site "Sundbyoster"]
[Date "2010.08.31"]
[Round "2"]
[White "Madsen, Poul Henrik"]
[Black "Aabling Thomsen, Jakob"]
[Result "1-0"]
[WhiteElo "2095"]
[BlackElo "2326"]
[PlyCount "87"]
[EventDate "2010.??.??"]

1. d4 Nf6 2. Nf3 g6 3. c4 Bg7 4. Nc3 d5 5. Bg5 Ne4 6. Bh4 Nxc3 7. bxc3 dxc4 8.
Qa4+ Qd7 9. Qxc4 O-O 10. e3 b6 11. Qb3 Bb7 12. Be2 Nc6 13. O-O e5 14. Rfd1 Rae8
15. Nxe5 Nxe5 16. dxe5 Qf5 17. f4 g5 18. Bd3 Qg4 19. Bg3 h5 20. Qc2 h4 21. Bh7+
Kh8 22. Bf5 Qh5 23. Bf2 Qh6 24. Rd4 f6 25. Rad1 fxe5 26. fxg5 Qxg5 27. Rxh4+
Bh6 28. g4 Rd8 29. Rxd8 Rxd8 30. Rh5 Qf6 31. Bh4 Qc6 32. e4 Rd6 33. g5 Qc5+ 34.
Bf2 Qc4 35. Rxh6+ Kg7 36. Rxd6 cxd6 37. Qb3 Qd3 38. g6 d5 39. Qb4 dxe4 40. Qe7+
Kh6 41. Qh4+ Kg7 42. Qh7+ Kf6 43. Qf7+ Kg5 44. h4+ 1-0

[Event "Amagermesterskabet 2010"]
[Site "Sundbyoster"]
[Date "2010.08.31"]
[Round "2"]
[White "Nielsen, Bjorn"]
[Black "Petersen, Nils"]
[Result "0-1"]
[WhiteElo "1050"]
[BlackElo "2039"]
[PlyCount "72"]
[EventDate "2010.??.??"]

1. e4 c5 2. Nf3 e6 3. Nc3 Nc6 4. Be2 Nf6 5. d4 cxd4 6. Nxd4 a6 7. Nf3 Qc7 8.
O-O Bb4 9. Bd2 O-O 10. a3 Bxc3 11. Bxc3 Nxe4 12. Bd4 Nxd4 13. Nxd4 d5 14. c3 e5
15. Nc2 Be6 16. Qc1 f5 17. Bd3 Nc5 18. Qd1 Nxd3 19. Qxd3 d4 20. Rac1 Bc4 21.
Qd1 Bxf1 22. cxd4 Bb5 23. dxe5 Qxe5 24. Rb1 Rad8 25. Qf3 Qe4 26. Qb3+ Qc4 27.
Qxc4+ Bxc4 28. Re1 Rfe8 29. Rc1 Bb3 30. Ne3 f4 31. Nf1 Rd1 32. Rc7 Ree1 33.
Rc8+ Kf7 34. g4 Bd5 35. h4 Rxf1+ 36. Kh2 Rh1# 0-1

[Event "Amagermesterskabet 2010"]
[Site "Sundbyoster"]
[Date "2010.08.31"]
[Round "2"]
[White "Varming, Thomas"]
[Black "Dupont, Michael Kim"]
[Result "1-0"]
[WhiteElo "1758"]
[BlackElo "1195"]
[PlyCount "81"]
[EventDate "2010.??.??"]

1. d4 Nf6 2. Nf3 g6 3. Bf4 d6 4. e3 a6 5. c3 Bg7 6. Bd3 b5 7. a4 bxa4 8. Qxa4+
Bd7 9. Qc2 O-O 10. h3 Nd5 11. Bh2 Qc8 12. Nbd2 Bh6 13. Be4 c6 14. Nc4 Qc7 15.
h4 Bg4 16. Ng5 Nf6 17. Bd3 Nbd7 18. f3 Be6 19. Bf4 Kg7 20. Nxe6+ fxe6 21. Bxh6+
Kxh6 22. g4 Kg7 23. Qh2 Rh8 24. h5 e5 25. dxe5 dxe5 26. O-O-O Nd5 27. Qg3 g5
28. h6+ Kf7 29. Bf5 e6 30. Bd3 N5b6 31. Qh2 Nxc4 32. Qh5+ Kf6 33. Bxc4 Nc5 34.
Rhf1 Qa5 35. f4 exf4 36. exf4 Qa1+ 37. Kc2 Qa4+ 38. Kb1 Ke7 39. Qxg5+ Ke8 40.
Qh5+ Ke7 41. Qxc5+ 1-0

[Event "Amagermesterskabet 2010"]
[Site "Sundbyoster"]
[Date "2010.09.07"]
[Round "3"]
[White "Aabling Thomsen, Jakob"]
[Black "Lunding, Peter M"]
[Result "1-0"]
[WhiteElo "2326"]
[BlackElo "1915"]
[PlyCount "87"]
[EventDate "2010.??.??"]

1. d4 d5 2. Nf3 Nf6 3. e3 c6 4. Nbd2 Bg4 5. h3 Bh5 6. g4 Bg6 7. Ne5 e6 8. Bg2
Nbd7 9. Nxg6 hxg6 10. f4 Bd6 11. O-O Qe7 12. c4 Bc7 13. Qf3 Rd8 14. b3 O-O 15.
Bb2 Ba5 16. Rfd1 Bxd2 17. Rxd2 Ne4 18. Rc2 f5 19. g5 Kf7 20. Bc3 Rh8 21. Be1
Rh5 22. c5 Rc8 23. Rac1 Nb8 24. b4 Na6 25. a4 Nc7 26. Rb1 a6 27. Bf1 Rhh8 28.
Rcb2 Qd7 29. Qg2 Rhe8 30. b5 axb5 31. axb5 Nxb5 32. Bxb5 cxb5 33. Rxb5 Re7 34.
Qa2 Rc6 35. Qb2 Qc8 36. Rxb7 Rcc7 37. Rb8 Qd7 38. Ba5 Ra7 39. Rd8 Qb7 40. Qxb7
Rexb7 41. Rxb7+ Rxb7 42. c6 Rb1+ 43. Kg2 Rb2+ 44. Kf1 1-0

[Event "Amagermesterskabet 2010"]
[Site "Sundbyoster"]
[Date "2010.09.13"]
[Round "3"]
[White "Brorsen, Jacob Abildlund"]
[Black "Larsen, Ulrik Jejlskov"]
[Result "1-0"]
[WhiteElo "2018"]
[BlackElo "1526"]
[PlyCount "77"]
[EventDate "2010.??.??"]

1. c4 Nf6 2. Nc3 g6 3. g3 Bg7 4. Bg2 O-O 5. d3 c6 6. e4 e6 7. Qb3 b6 8. Nge2
Bb7 9. O-O d5 10. e5 Ng4 11. f4 dxc4 12. dxc4 Qe7 13. Ne4 c5 14. h3 Nh6 15. Be3
Nf5 16. Bxc5 bxc5 17. Qxb7 Nd7 18. Rad1 Rfd8 19. Qb3 Rab8 20. Qa3 Rb4 21. g4
Nh4 22. b3 Nxg2 23. Kxg2 Rb7 24. Qa6 Rc7 25. Qa5 Nb8 26. Rd6 Rdc8 27. Rfd1 Rc6
28. Rd8+ Bf8 29. Rxc8 Rxc8 30. Qc3 Qb7 31. Qf3 Kg7 32. h4 Qe7 33. h5 Rd8 34.
N2g3 Rxd1 35. Qxd1 Nc6 36. hxg6 hxg6 37. Nf6 Qb7 38. Nge4 Be7 39. Qh1 1-0

[Event "Amagermesterskabet 2010"]
[Site "Sundbyoster"]
[Date "2010.09.07"]
[Round "3"]
[White "Dupont, Michael Kim"]
[Black "Andreasen, Rene"]
[Result "0-1"]
[WhiteElo "1195"]
[BlackElo "1798"]
[PlyCount "46"]
[EventDate "2010.??.??"]

1. e4 c6 2. d4 d5 3. e5 c5 4. c4 dxc4 5. Qa4+ Nc6 6. Qxc4 Qxd4 7. Nf3 Qxc4 8.
Bxc4 e6 9. O-O Nge7 10. Re1 Nd5 11. a3 h6 12. Bd2 Be7 13. Nc3 Nxc3 14. Bxc3 O-O
15. Rad1 Rd8 16. Rxd8+ Bxd8 17. h4 a6 18. g4 b5 19. Bd3 Bb7 20. Be4 Bc7 21. Bc2
Rd8 22. Rd1 Rxd1+ 23. Bxd1 b4 0-1

[Event "Amagermesterskabet 2010"]
[Site "Sundbyoster"]
[Date "2010.09.07"]
[Round "3"]
[White "Friis, Jordy"]
[Black "Justesen, Martin"]
[Result "0-1"]
[WhiteElo "1469"]
[BlackElo "1586"]
[PlyCount "62"]
[EventDate "2010.??.??"]

1. e4 e5 2. Nf3 Nc6 3. Bc4 Nf6 4. Ng5 d5 5. exd5 b5 6. Bxb5 Qxd5 7. Bxc6+ Qxc6
8. O-O h6 9. Nf3 Bb7 10. Nc3 O-O-O 11. Qe2 Nd7 12. d3 g5 13. Qe4 Be7 14. Qxc6
Bxc6 15. Be3 g4 16. Nd2 a6 17. Nc4 f5 18. Na5 Ba8 19. Nb3 f4 20. Bd2 f3 21. g3
h5 22. Ne4 Bxe4 23. dxe4 h4 24. Bc3 hxg3 25. fxg3 Rh3 26. Kh1 Rdh8 27. Rf2 R8h7
28. Rd1 Nc5 29. Nxc5 Bxc5 30. Rfd2 f2 31. Rxf2 Bxf2 0-1